000 00448 a2200181 4500
001 141067
040 _cLeonardo Da Vinci
041 _aPortuguês
082 _aI O88u
_bO88u
100 _aORTHOF, Sylvia
245 _aUxa, ora fada, ora bruxa
250 _a6.ed
260 _bNova Fronteira
_c1985
_aRio de Janeiro
362 _a19850000
500 _aTato (Ilustração)
697 _aLiteratura infantil
_aBruxa
_aFada
_aConto
942 _cBK
999 _c141067
_d141067